Докладные записки члена Совета, министра народного просвещения Бобровникова: 1) об открытии школ и курсов для практического изуч...

Доступно только в Электронных читальных залах Найти на картеНа карте
RUSMARC
00003825nmc2a22002413x 450
001d0388e4c-a5bf-4564-9a51-de5b52b09aa8
00520230712215348.0
100##$a20221221l19091909k l0rusy0189 ca
1010#$arus
102##$aRU
105##$ay###
1222#$ad
2001#$aДокладные записки члена Совета, министра народного просвещения Бобровникова: 1) об открытии школ и курсов для практического изучения восточных языков, проект положения и штат для такой школы в Казани; 2) об учреждении должностей инспекторов "инородческих" училищ
$j25 апреля - 20 мая 1909 г.
215##$a14 л.
$d36,5х26 см
251##$cДело
300##$aМатериалы по учительским семинариям
371##$aДокумент не является опубликованным и широко распространяемым
461#0$1001a74412a3-3cc5-4d21-8f0a-dfe2fbd9e72d
$12001
$aДепартамент народного просвещения Министерства народного просвещения (1803-1917)
$1251
$cФонд
$1852
$j733
462#0$1001e7457a9b-6ab2-47cb-b3ed-bfff162542f9
$12001
$aРазряд учительских институтов, семинарий и низших учебных заведений
$1251
$cОпись
$1852
$j227
801#0$aRU
$bРГИА
$c20221221
$gRCR
801#1$aRU
$bГлавНИВЦ
$c20221221
$2rusmarc
801#2$aRU
$bПБ им. Б.Н. Ельцина
$c20230712
$gRCR
$2rusmarc
850##$aРГИА
852##$aРГИА
$eФедеральное казенное учреждение "Российский государственный исторический архив" (РГИА)
$j30
937##$hРГИА
$d12396225
$aASBIBLIO_SCAN
035##$aRusGRCC00057244
856##$uhttp://readingroom.main.prlib.ru/item.aspx?id_node=n186473970&mode=full
Формат отображения